000 02178cam a22002895a 4500
001 17966773
005 20160721132646.0
008 131209s2014 enka frb f001 0 eng d
020 _a9780521177177 (paperback)
020 _a0521177170 (paperback)
040 _aDLC
_beng
_cDLC
_dEG-ScBUE
082 0 4 _222
_a340.2
_bSIE
100 1 _aSiems, Mathias M.,
_d1974-
_940383
245 1 0 _aComparative law /
_cMathias Siems.
260 _aCambridge :
_bCambridge University Press,
_c2014.
300 _axx, 416 p. :
_bill. ;
_c26 cm.
490 0 _aLaw in context.
500 _aIndex : p. [401]-416.
504 _aBibliography : p. 318-400.
505 1 _aIntroduction -- Part I. Traditional Comparative Law -- The comparative legal method -- Common law and civil law -- Mapping the world's legal systems; Part II. Extending the Methods of Comparative Law -- Postmodern comparative law -- Socio-legal comparative law -- Numerical comparative law -- Part III: Global Comparative Law -- Legal transplants -- Fading state borders -- Comparative law and development -- Part IV. Comparative Law as an Open Subject -- Implicit comparative law -- Outlook.
520 _a"This book presents a fresh contextualised and cosmopolitan perspective on comparative law for both students and scholars. It critically discusses established approaches to comparative law, but also presents more modern ones, such as socio-legal and numerical comparative law. Its contextualised approach draws on examples from politics, economics and development studies to provide an original contribution to topics of comparative law"--
520 _a"This book presents a fresh contextualised and cosmopolitan perspective on comparative law for both students and scholars. It critically discusses established approaches to comparative law, but also presents more modern ones, such as socio-legal and numerical comparative law. Its con-textualised approach draws on examples from politics, eco-nomics and development studies to provide an original con-tribution to topics of comparative law"--
650 7 _aComparative law.
_2BUEsh
_940384
651 _2BUEsh
653 _bLLAAWW
_cJuly2016
942 _2ddc
999 _c21998
_d21970